Statistics for Manchester United Players 2013/14

Click here to take the quiz!

General Stats

  • This quiz has been taken 281 times
    (227 since last reset)
  • The average score is 24 of 41

Answer Stats

# Player % Correct
1David de Gea
100%
10Wayne Rooney
97%
4Phil Jones
95%
3Patrice Evra
92%
5Rio Ferdinand
90%
16Michael Carrick
90%
12Chris Smalling
89%
11Ryan Giggs
86%
20Robin van Persie
86%
15Nemanja Vidić
85%
2Rafael da Silva
82%
8Juan Mata
81%
18Ashley Young
80%
6Jonny Evans
78%
25Antonio Valencia
76%
17Nani
74%
14Javier Hernández
74%
13Anders Lindegaard
72%
19Danny Welbeck
68%
31Marouane Fellaini
68%
24Darren Fletcher
60%
44Adnan Januzaj
56%
35Jesse Lingard
55%
26Shinji Kagawa
54%
23Tom Cleverley
51%
32Nick Powell
41%
50Sam Johnstone
40%
42Tyler Blackett
38%
28Alexander Büttner
36%
48Will Keane
34%
33Bébé
33%
38Michael Keane
33%
40Ben Amos
33%
27Federico Macheda
31%
29Wilfried Zaha
27%
30Guillermo Varela
24%
21Ángelo Henríquez
18%
39Tom Thorpe
11%
34Larnell Cole
10%
45Davide Petrucci
9%
36Marnick Vermijl
8%

Score Distribution

Percentile by Number Answered

Percent of People with Each Score

Your Score History

You have not taken this quiz since the last reset